Vybrané metódy zmenšovania chýb analógových meracích členov

Saved in:
Bibliographic Details
Main Author: Petrík, Miroslav (Author)
Other Authors: Šturcel, Ján, 1946- (Thesis advisor)
Format: Manuscript Book
Language:Slovak
Published: Bratislava : STU v Bratislave FEI, 2004
Subjects:
Tags: Add Tag
No Tags, Be the first to tag this record!

MARC

LEADER 00000ntm a22000003a 4500
001 stu88530
005 20160719164710.0
008 040707s2004------------------------slo-d
040 |a STU  |b slo 
041 0 |a slo 
100 1 |a Petrík, Miroslav  |4 aut 
245 1 |a Vybrané metódy zmenšovania chýb analógových meracích členov 
260 |a Bratislava :  |b STU v Bratislave FEI,  |c 2004 
300 |a 73 s 
650 7 |a automatizácia  |2 stusub 
700 1 |a Šturcel, Ján,  |d 1946-  |4 ths  |u E1110  |U FEI Ústav robotiky a kybernetiky  |T FEI Automatizácia a regulácia  |X 3714  |U E1110  |Y 57  |7 A000003714